000 00575nam a2200241 a 4500
001 nice12345678
003 IN_TiNIC
005 20260116012959.0
008 050524s1973 hyda grp 000 0 urd
020 _a
_c100
082 0 0 _a891.41
_bAUJ
100 _aAuj, Yaqoobi
245 _aGiraft-E-Nazar
260 _aHyderabad
_bAdabi Trust
_c1973
300 _a184p
500 _aincludes index and biblioraphy
505 2 _a1.Muharram Namah 2. Hilal-E-Matam
650 _aUrdu-Poetry
700 1 _aAuj, Yaqoobi
902 _bSRS
942 _cBK
999 _c9151
_d9151